000 00643cam a22001817i 4500
005 20251124120728.0
008 250721s1989 ua gr 000 0 ara d
082 1 4 _a211.61
_bم ح م
100 1 _aالخضري، محمد الأمين
_eمؤلف.
245 1 0 _aمن أسرار حروف الجر في الذكر الحكيم /
_cالدكتور محمد الامين الخضري.
264 3 1 _aالقاهرة :
_bمكتبة وهبة،
_c1989.
300 _a383 صفحة.
650 1 7 _aالقرآن الكريم.
650 1 7 _aقواعد اللغة.
650 1 7 _aاللغة العربية.
942 _2ddc
_cBK
999 _c6131
_d6131